Statistics for 2022 Scotties Tournament of Hearts Teams

Click here to take the quiz!

General Stats

  • This quiz has been taken 4 times
  • The average score is 48 of 72

Answer Stats

PositionName% Correct
LeadBriane Meilleur
100%
SecondEmily Zacharias
100%
SkipEmma Miskew
100%
SecondKaitlin MacDonald
100%
SkipKerri Einarson
100%
SkipLaura Walker
100%
SkipMackenzie Zacharias
100%
ThirdSelena Njegovan
100%
SecondShannon Birchard
100%
SecondTaylor McDonald
100%
SkipTracy Fleury
100%
LeadAlison Taylor
67%
SecondAllison Flaxey
67%
SkipAndrea Crawford
67%
SecondAshley Sippala
67%
SkipBrigitte MacPhail
67%
SkipChelsea Carey
67%
SkipChristina Black
67%
LeadCynthia St-Georges
67%
SecondEmily Riley
67%
ThirdHailey Armstrong
67%
SkipHailey Birnie
67%
SkipHollie Duncan
67%
ThirdJeanna Schraeder
67%
ThirdJenn Baxter
67%
LeadJennifer Armstrong
67%
SecondJillian Babin
67%
LeadJoanne Courtney
67%
FourthJo-Ann Rizzo
67%
ThirdJolene Campbell
67%
ThirdKarlee Burgess
67%
ThirdKate Cameron
67%
LeadKatie Forward
67%
ThirdKendra Lilly
67%
SecondKerry Campbell
67%
SkipKerry Galusha
67%
SkipKrista McCarville
67%
LeadKristin MacCuish
67%
LeadLauren Lenentine
67%
SkipLaurie St-Georges
67%
SecondLiz Fyfe
67%
SecondMargot Flemming
67%
ThirdMarie Christianson
67%
SkipMary-Anne Arsenault
67%
SecondMeaghan Hughes
67%
LeadMichelle McQuaid
67%
LeadNadine Scotland
67%
ThirdPatty Wallingham
67%
SkipPenny Barker
67%
SecondRachelle Strybosch
67%
LeadRenee Simons
67%
ThirdSadie Pinksen
67%
SkipSarah Hill
67%
ThirdSarah Koltun
67%
LeadSarah Potts
67%
ThirdSarah Wilkes
67%
SecondSasha Carter
67%
LeadShelley Barker
67%
SecondStephanie Schmidt
67%
SkipSuzanne Birt
67%
ThirdSylvie Quillian
67%
LeadTess Bobbie
67%
ThirdVal Sweeting
67%
LeadAdrienne Mercer
33%
SecondBeth Hamilton
33%
ThirdChristie Gamble
33%
LeadDanielle Sicinski
33%
SecondJenna Enge
33%
ThirdKelli Sharpe
33%
LeadKim Tuor
33%
ThirdMegan Balsdon
33%
SecondKarlee Everest
0%

Score Distribution

Percentile by Number Answered

Percent of People with Each Score

Your Score History

You have not taken this quiz